Responses for Show #2874 - Thursday, February 13, 1997

1997-A Teen Tournament final game 1.

Contestants

[<< previous game]

Akiva Fox, a junior from Newton, Massachusetts

Josh Den Hartog, a junior from Otley, Iowa

Justin Powell, a junior from Charleston, South Carolina

[next game >>]

Jeopardy! Round responses

1987
MOVIE HEROES
COLORS
THEATRE TALK
BUSINESS & INDUSTRY
BEAKMAN'S WORLD
    $100 17
Margaret Thatcher

Akiva
    $100 18
Independence Day

Justin
    $100 9
ivory

Justin
    $100 6
mime

Justin
    $100 1
Jif

Josh
    $100 2
(Alex: But why would it want to do that?!)

a giraffe

Josh
    $200 19
the National Spelling Bee

Justin
    $200 23
Sandra Bullock

Josh
    $200 12
midnight blue

Akiva
    $200 11
the orchestra pit

Josh
    $200 7
IBM

Josh
    $200 3
the diaphragm

Josh
    $300 20
Elizabeth Dole

Josh
    $300 24
Luke Skywalker

Josh
    $300 16
maize

Justin
    $300 13
footlights

Akiva
    $300 10
Tylenol

Akiva
    $300 4
koala bears

Josh
    $400 27
Colin Powell

Akiva
    $400 25
(Akiva: Who is Jim Carrey?)

a dolphin

JustinAkiva
    $1,263 21
(Josh: What are garnet and opal?)
...
(Alex: I would have gotten the second because my birthday is in July.)

garnet & ruby

Josh
    $400 14
leave

Akiva
    $400 29
a pen

Akiva
    $400 5
[ERRATUM: The clue refers to Newton's first law, not his second.]

Sir Isaac Newton

Akiva
    $500 28
Andy Warhol

Justin
    $500 26
Turbo-Man

Josh
    $500 22
Mandarins

Justin
    $500 15
choreography

Josh
    $500 30
Nerf

Josh
    $500 8
Surface Tension

Josh

Scores at the first commercial break (after clue 15):

Justin Josh Akiva
$200 $2,100 $1,600

Scores at the end of the Jeopardy! Round:

Justin Josh Akiva
$2,200 $2,637 $2,100

Double Jeopardy! Round responses

WORLD CAPITALS
CLASSICAL COMPOSERS
OCCUPATIONS
AMERICAN HISTORY
POETRY
FRANCOPHILE UNDER "M"
(Alex: Obviously, a series of clues that have to do with French, but all the responses will begin with the letter M.)
    $200 3
Beijing

Akiva
    $200 1
George Frideric Handel

Justin
    $200 16
(A: What is an usher?)

Projectionist

Akiva
Triple Stumper
    $200 11
Lewis & Clark

Josh
    $200 23
Chicago

Josh
    $200 21
(Justin: What is merci s'il vous plait?)

merci beaucoup

JustinAkiva
    $400 7
Prague

Akiva
    $400 2
Johann Sebastian Bach

Josh
    $400 17
Roadie

Josh
    $400 12
(A: Who are the migrant workers?)

United Farm Workers

Akiva
Triple Stumper
    $400 24
(Josh: Who is...?)
...
(Akiva: [In Scottish brogue] Who is [*]?)
(Alex: Rabbie Burns, that's right, lad!)

Robert Burns

JoshAkiva
    $400 22
Metro

Josh
    $600 8
Kabul

Akiva
    $600 4
Frederic Chopin

Justin
    $4,637 18
Salesman

Josh
    $600 13
Woodrow Wilson

Justin
    $600 25
Emily Dickinson

Akiva
    $600 27
Marie Antoinette

Justin
    $1,000 9
Cairo

Akiva
    $800 5
Claude Debussy

Justin
    $800 19
(Justin: What is an economist?)

Supreme Court Justice

JustinAkiva
    $800 14
The Missouri Compromise

Justin
    $800 26
The Faerie Queene

Justin
    $800 29
Francois Mitterrand

Josh
    $1000 10
Buenos Aires & Montevideo

Justin
    $1000 6
Rimsky-Korsakov

Akiva
    $1000 20
(Alex: The wind changed & they got caught.)

Firefighters

Triple Stumper
    $1000 15
Teapot Dome

Josh
    $1000 28
The Hesperus

Akiva
    $1000 30
Montmartre

Justin

Scores at the end of the Double Jeopardy! Round:

Justin Josh Akiva
$7,600 $10,274 $7,700

Final Jeopardy! Round responses

NOVELS
[NOTE: The judges ruled Akiva's response unacceptable.]
JustinWhat is Dracula?
$4,100
AkivaWhat is Ulysses Dracu?
$2,300
JoshWhat is Frankenstein?
$3,000
Dracula (by Bram Stoker)

Final scores:

Justin Josh Akiva
$11,700 $7,274 $5,400

Game dynamics:

Coryat scores:

Justin Josh Akiva
$7,600 $7,500 $7,500
17 R,
2 W
21 R
(including 1 DD),
2 W
(including 1 DD)
18 R
(including 1 DD),
3 W

Combined Coryat: $22,600

[game clues] [game scores] [suggest correction]

Game tape date: 1997-01-09
The J! Archive is created by fans, for fans. Scraping, republication, monetization, and malicious use prohibited; this site may use cookies and collect identifying information. See terms. The Jeopardy! game show and all elements thereof, including but not limited to copyright and trademark thereto, are the property of Jeopardy Productions, Inc. and are protected under law. This website is not affiliated with, sponsored by, or operated by Jeopardy Productions, Inc. Join the discussion at JBoard.tv.